Statystyki dla Wszystkie Miasta nad Wisłą

Kliknij tutaj aby rozwiązać quiz!

Ogólne statystyki

  • Ten quiz został rozwiązany 89 razy
  • Średni wynik to 23 z 52

Statystyki odpowiedzi

Liczba LudnościMiasto% Poprawnych
1 790 858Warszawa
99%
780 981Kraków
96%
471 525Gdańsk
88%
118 989Płock
88%
201 106Toruń
88%
346 739Bydgoszcz
83%
11 074Wisła
74%
109 347Włocławek
74%
23 193Sandomierz
72%
94 368Grudziądz
68%
47 420Puławy
65%
60 257Tczew
65%
46 588Tarnobrzeg
62%
2 530Kazimierz Dolny
58%
44 635Otwock
54%
53 886Legionowo
53%
28 660Nowy Dwór Mazowiecki
53%
38 005Oświęcim
53%
20 605Józefów
51%
16 017Ustroń
50%
25 643Świecie
46%
10 618Ciechocinek
42%
15 635Solec Kujawski
42%
12 109Góra Kalwaria
40%
2 117Dobrzyń nad Wisłą
38%
17 042Łomianki
38%
19 510Chełmno
37%
5 787Nowe
37%
14 550Skoczów
37%
16 058Dęblin
36%
9 826Karczew
35%
2 687Wyszogród
35%
6 791Gniew
33%
13 564Niepołomice
33%
1 089Czerwińsk nad Wisłą
32%
920Józefów nad Wisłą
28%
2 488Annopol
27%
35 631Czechowice-Dziedzice
27%
329Opatowiec
27%
965Solec nad Wisłą
27%
3 257Zakroczym
27%
1 843Nieszawa
26%
1 793Zawichost
26%
1 478Baranów Sandomierski
24%
8 023Połaniec
21%
11 192Brzeszcze
19%
4 157Szczucin
19%
1 667Nowe Brzesko
18%
3 643Strumień
17%
955Nowy Korczyn
14%
1 993Osiek
12%
2 497Koprzywnica
9%

Rozkład punktacji

Percentyl według liczby udzielonych odpowiedzi

Procent ludzi z każdym wynikiem

Twoja historia wyników

Nie rozwiązałeś tego quizu